La Integración política de Centroamérica

Shranjeno v:
Bibliografske podrobnosti
Glavni avtor: Ortez Colindres, Enrique
Format: Texto
Izdano: San José: EDUCA
Oznake: Označite
Brez oznak, prvi označite!

MARC

LEADER 00000 a a2200000 04500
001 22660
003
040
090 |a 155300  
100 |a Ortez Colindres, Enrique  
245 |a La Integración política de Centroamérica  
260 |a San José:   |b EDUCA  
300 |a 398 p  
999 |c 16363  |d 16363